| 000 | 00506nam a2200181Ia 4500 | ||
|---|---|---|---|
| 008 | 170510s9999 xx 000 0 und d | ||
| 100 | _aCampbell, Heidi A. | ||
| 245 | _aSurveying theoretical approaches within digital religion studies | ||
| 245 | _cHeidi A Campbell | ||
| 260 | _bSAGE | ||
| 260 | _c2017 | ||
| 300 | _apages 15-24, January | ||
| 440 |
_aNew Media & Society _v19:1 |
||
| 650 | _aDigital religion | ||
| 650 | _aInternet | ||
| 650 | _amediation of meaning | ||
| 650 | _aMediatization | ||
| 999 |
_c329840 _d329840 |
||